| 000 | 00661nam a22002057a 4500 | ||
|---|---|---|---|
| 999 |
_c19754 _d19754 |
||
| 003 | AR-CdUCM | ||
| 008 | 190521b ||||| |||| 00| 0 spa d | ||
| 040 |
_aMUNICIPALIDAD PROVINCIAL DEL CUSCO _cBIBLIOTECA MUNICIPAL DEL CUSCO |
||
| 082 |
_a133.03 / _bST853 |
||
| 100 |
_aSteyner, Rudolf _941319 |
||
| 245 | _aDiccionario Steiner del ocultismo, la psiquis y lo místico / | ||
| 260 |
_aEcuador : _bAriel, _c1975. |
||
| 300 |
_a168 páginas ; _bIlustraciones, _c22 cm. |
||
| 505 | _aContenido: Ocultismo. | ||
| 650 |
_aOcultismo _914742 |
||
| 650 |
_aDiccionarios _95105 |
||
| 650 |
_aCuerpo astral _941320 |
||
| 942 |
_2ddc _cLIBROS |
||
| 945 |
_adavv _d2019-05-21 |
||